|
|
|
|
| LEADER |
01010nam a2200301 a 4500 |
| 001 |
4653 |
| 003 |
BD-DhAAL |
| 005 |
20150628104417.0 |
| 008 |
150628s2001 enk d 001 0 eng |
| 010 |
|
|
|a 2001275720
|
| 015 |
|
|
|a GBA0-V3214
|
| 020 |
|
|
|a 0140514813
|
| 040 |
|
|
|a UKM
|c UKM
|d KKS
|d DLC
|d BD-DhAAL
|
| 050 |
0 |
0 |
|a PE1464
|b .G85 2001
|
| 082 |
0 |
0 |
|a 423/.1
|2 21
|
| 100 |
1 |
|
|a Gulland, Daphne M.,
|d 1953-
|9 12557
|
| 245 |
1 |
4 |
|a The Penguin dictionary of English idioms /
|c Daphne M. Gulland, David Hinds-Howell.
|
| 246 |
3 |
|
|a English idioms
|
| 250 |
|
|
|a 2nd ed.
|
| 260 |
|
|
|a London ;
|a New York :
|b Penguin,
|c 2001.
|
| 300 |
|
|
|a xiv, 378 p. ;
|c 20 cm.
|
| 504 |
|
|
|a Includes index.
|
| 541 |
|
|
|e 4653
|
| 650 |
|
0 |
|a English language
|x Idioms
|v Dictionaries.
|9 12558
|
| 700 |
1 |
|
|a Hinds-Howell, David,
|d 1916-
|9 12559
|
| 942 |
|
|
|2 ddc
|c BK
|
| 999 |
|
|
|c 34866
|d 34866
|
| 952 |
|
|
|0 0
|1 0
|2 ddc
|4 0
|6 423_000000000000000__1_GUL
|7 0
|9 54570
|a SCL
|b SCL
|c GEN
|d 2015-06-28
|g 275.00
|l 0
|o 423.1 GUL
|p 3020004653
|r 2015-06-28
|t 1
|w 2015-06-28
|y BK
|